Partywalls.com (Record no. 119535)

MARC details
000 -LEADER
fixed length control field 01011cam a2200205 4500
001 - CONTROL NUMBER
control field WS107404
008 - FIXED-LENGTH DATA ELEMENTS--GENERAL INFORMATION
fixed length control field 000000n 000 0 eng u
035 ## - SYSTEM CONTROL NUMBER
System control number (Sirsi) u107404
110 ## - MAIN ENTRY--CORPORATE NAME
Corporate name or jurisdiction name as entry element Chynoweth
-- Paul
9 (RLIN) 3994
245 ## - TITLE STATEMENT
Title Partywalls.com
520 ## - SUMMARY, ETC.
Summary, etc. Web site which claims to 'provide resources and a forum for discussion for those requiring information about the operation of the Party Wall etc Act 1996 and its effect on land and property'. It includes an introduction to the Act plus a full text version, a directory of party wall surveyors, a discussion forum and a reading list. Also includes details of party wall case law and discussion forums.
650 ## - SUBJECT ADDED ENTRY--TOPICAL TERM
Topical term or geographic name entry element Party walls
9 (RLIN) 6258
650 ## - SUBJECT ADDED ENTRY--TOPICAL TERM
Topical term or geographic name entry element CASE LAW
650 ## - SUBJECT ADDED ENTRY--TOPICAL TERM
Topical term or geographic name entry element PYRAMUS AND THISBE CLUB
650 ## - SUBJECT ADDED ENTRY--TOPICAL TERM
Topical term or geographic name entry element PARTY WALL ETC ACT 1996
650 ## - SUBJECT ADDED ENTRY--TOPICAL TERM
Topical term or geographic name entry element BUILT ENVIRONMENT-BUILDING INSPECTION
690 ## - LOCAL SUBJECT ADDED ENTRY--TOPICAL TERM (OCLC, RLIN)
Topical term or geographic name as entry element BOUNDARIES, PARTY WALLS AND EASEMENTS
856 40 - ELECTRONIC LOCATION AND ACCESS
Uniform Resource Identifier <a href="https://www.partywalls.com">https://www.partywalls.com</a>
Public note View the website free of charge at www.partywalls.com...
942 ## - ADDED ENTRY ELEMENTS (KOHA)
Suppress in OPAC 0
Holdings
Withdrawn status Lost status Source of classification or shelving scheme Damaged status Not for loan Home library Current library Shelving location Date acquired Total Checkouts Full call number Barcode Date last seen Copy number Price effective from Koha item type
    Dewey Decimal Classification     Virtual Virtual Online 31/07/2000   WEB SITE 107404-2001 06/08/2019 1 06/08/2019 Online material